|
|
|
|
| LEADER |
01570nam a22003497a 4500 |
| 001 |
41169 |
| 003 |
BD-DhAAL |
| 005 |
20230502153807.0 |
| 008 |
230502t1987 enka bd 001 0 eng |
| 010 |
|
|
|a 87001946
|
| 020 |
|
|
|a 0333372352 (set)
|
| 020 |
|
|
|a 0935859101 (Stockton : set) :
|c $550.00
|
| 040 |
|
|
|a DLC
|c DLC
|d DLC
|d BD-DhAAL
|
| 050 |
0 |
0 |
|a HB61
|b .N49 1987
|
| 082 |
0 |
0 |
|a 330.0321
|
| 245 |
0 |
4 |
|a The New Palgrave :
|b a dictionary of economics.
|n volume 2. E to J /
|c edited by John Eatwell, Murray Milgate, Peter Newman.
|
| 260 |
|
|
|a London :
|b Macmillan ;
|a New York :
|b Stockton Press ;
|a Tokyo :
|b Maruzen,
|c c1987.
|
| 300 |
|
|
|a xix, 1044 pages :
|b illustrations ;
|c 26 cm.
|
| 362 |
|
|
|a Vol. 2. E to J
|
| 500 |
|
|
|a Sequel to: Dictionary of political economy /Robert Harry Inglis Palgrave. 1910.
|
| 504 |
|
|
|a Includes bibliographical references and index.
|
| 541 |
|
|
|a Complimentary copy from Dr. Sang Hoon Lee, Dean of Brac Business School, Brac University
|e 41169
|
| 650 |
|
0 |
|a Economics
|x Dictionaries.
|9 52774
|
| 650 |
|
0 |
|a Economics.
|
| 700 |
1 |
|
|a Eatwell, John.
|9 51627
|
| 700 |
1 |
|
|a Milgate, Murray.
|9 51628
|
| 700 |
1 |
|
|a Newman, Peter,
|d 1928-2001.
|9 54099
|
| 700 |
1 |
|
|a Palgrave, Robert Harry Inglis,
|c Sir,
|d 1827-1919.
|t Dictionary of political economy.
|9 54100
|
| 852 |
|
|
|a Ayesha Abed Library
|c General Stacks
|
| 942 |
|
|
|2 ddc
|c BK
|
| 999 |
|
|
|c 45696
|d 45696
|
| 952 |
|
|
|0 0
|1 0
|2 ddc
|4 0
|6 330_032100000000000_NEW
|7 0
|9 73580
|a BRACUL
|b BRACUL
|c GEN
|d 2023-05-02
|e Complimentary copy from Dr. Sang Hoon Lee
|l 0
|o 330.0321 NEW
|p 3010041169
|r 2023-05-02
|t 1
|w 2023-05-02
|y BK
|